Newtonian mechanics / (Record no. 29146)

000 -LEADER
fixed length control field 00470 a2200169 4500
003 - CONTROL NUMBER IDENTIFIER
control field NUST
005 - DATE AND TIME OF LATEST TRANSACTION
control field 20180118161537.0
008 - FIXED-LENGTH DATA ELEMENTS--GENERAL INFORMATION
fixed length control field 180118b xxu||||| |||| 00| 0 eng d
020 ## - INTERNATIONAL STANDARD BOOK NUMBER
International Standard Book Number 8176494674
020 ## - INTERNATIONAL STANDARD BOOK NUMBER
International Standard Book Number 8176494674
082 04 - DEWEY DECIMAL CLASSIFICATION NUMBER
Classification number 531
100 1# - MAIN ENTRY--PERSONAL NAME
Personal name French, A.P.
9 (RLIN) 8905
245 10 - TITLE STATEMENT
Title Newtonian mechanics /
Statement of responsibility, etc. A.P. French.
260 ## - PUBLICATION, DISTRIBUTION, ETC.
Place of publication, distribution, etc. [S.l.] :
Name of publisher, distributor, etc. W. W. Norton & Company,
Date of publication, distribution, etc. 2003.
300 ## - PHYSICAL DESCRIPTION
Extent 760 p. ;
Dimensions 24 cm.
490 1# - SERIES STATEMENT
Series statement The M.I.T. introductory physics series.
830 #4 - SERIES ADDED ENTRY--UNIFORM TITLE
Uniform title The M.I.T. introductory physics series.
9 (RLIN) 8906
942 ## - ADDED ENTRY ELEMENTS (KOHA)
Institution code [OBSOLETE] SNS
Koha item type Book
Call number prefix 531 FRE
Source of classification or shelving scheme
Holdings
Withdrawn status Lost status Damaged status Not for loan Permanent Location Current Location Date acquired Total Checkouts Full call number Barcode Date last seen Date last checked out Price effective from Koha item type
        School of Natural Sciences (SNS) School of Natural Sciences (SNS) 05/26/2016 2 531 FRE SNS0000455 01/30/2024 07/04/2023 05/26/2016 Book
© 2023 Central Library, National University of Sciences and Technology. All Rights Reserved.